000
00294nam a22001337a 4500
008
170816b xxu||||| |||| 00| 0 eng d
020
_a
2900495112074
041
_a
eng
080
_2
3 ed
_a
311
100
_a
36
101
_a
STA
245
_a
MIND ON STATISTIC
_c
UTTS.J.M
942
_2
udc
_c
BK
999
_c
23609
_d
23609